Kraje komunistyczne w historii - Statystyki

Ogólne statystyki
  • Ten quiz został rozwiązany 44 razy
  • Średni wynik to 13 z 26
Statystyki odpowiedzi
Lata Państwo % Poprawnych
1970-1991 Polska
95%
1949- Chiny
89%
1945-1976 Korea Północna
84%
1959- Kuba
81%
1948–1990 Czechosłowacja
76%
1976- Wietnam
76%
1946-1990 Bułgaria
73%
1975- Węgry
73%
1987-1991 Wschodnie Niemcy
73%
1945-1991 Jugosławia
68%
1947-1989 Rumunia
68%
1975-1990 Mongolia
62%
1924-1990 Laos
59%
1979-1989 Kambodża
57%
1946-1992 Albania
51%
1922-1991 Związek Radziecki
46%
1979-1983 Etiopia
32%
1969-1991 Somalia
32%
1978–1992 Afganistan
30%
1975-1992 Angola
30%
1948-2009 Mozambik
19%
1975-1990 Benin
14%
1949-1989 Grenada
14%
1967-1990 Jemen Południowy
8%
1947-1989 Republika Konga
8%
1944-1989 Wietnam Północny
3%
Nie znaleziono quizów pasujących do podanych kryteriów
Rozkład punktacji
Procent ludzi z każdym wynikiem
Percentyl według liczby udzielonych odpowiedzi
Twoja historia wyników
Nie rozwiązałeś tego quizu